00814nam a2200181 4500001000700000003000900007005001700016007000300033008004100036100002500077245025600102260004000358300003500398700002900433852003100462999001900493952012000512139384ES-MaACL20230906195806.0t|070214s1959 sp r ||||1| spa d1 aSchaefer, A.910417710aHidráulica y construcciones hidráulicas b: con inclusión de nuevos conceptos teórico-prácticos / cA. Schèafer ; traducción de la 2ª ed. alemana y con 6 apéndices relativos a temas de especial interés en España por D. R. Dublang. aBarcelona [etc.] : bLabor, c1959. aXII, 266 p. : bil. ; c29 cm.1 aDublang, Roberto.945757 aES-MaACLjC-2548 bR.44747 c139384d139384 00104070aATENEOMbATENEOMcSPALd2008-01-17eSCl0oC-2548p1145051r2023-02-23 00:00:00w2023-02-23yMONOGRAFIA